000 00718nam a2200193 i 4500
001 39274
003 ES-MaACL
005 20230906155929.0
007 t|
008 030227s1915 sp ||||1| spa d
100 1 _aCamúñez, Servando (
_dn. 1853)
_9146514
245 1 0 _aVersos pasados de moda /
_cpor Servando Camúñez y Echeverría con un prólogo de "Judge" (seud.) y un epílogo titulado "Impresiones de una lectura" de Natalio Rivas.
260 _aSan Fernando (Cádiz) :
_bJosé García Gutiérrez,
_c1915.
300 _aXI, 283 p., 1 lám. ;
_c20 cm.
700 1 _aRivas Santiago, Natalio,
_d1865-1958
_997593
852 _aES-MaACL
_jF-11634
852 _aES-MaACL
_jG-1043
999 _c39274
_d39274